| 000 | 00346nam a2200145Ia 4500 | ||
|---|---|---|---|
| 008 | 230312s9999||||xx |||||||||||||| ||und|| | ||
| 020 | _a89-314-3504-5 | ||
| 082 |
_a005.8 _bILL |
||
| 245 | 0 | _aIllustrator CS Accelerated | |
| 260 |
_bYoungjin.com _aKorea _c2004 |
||
| 300 | _a362 | ||
| 546 | _aEng. | ||
| 650 |
_aComputer _vProgramming |
||
| 942 | _cBK | ||
| 999 |
_c6958 _d6958 |
||